000 00620cam a2200229 4500500
005 20260405003732.0
041 _afre
042 _adc
100 1 0 _aEnjalbert, Cédric
_eauthor
245 0 0 _aAlex Lutz : éveilleur de nuit
260 _c2023.
500 _a82
690 _aActeur
690 _aCinéma
690 _aComique
690 _aFilm
690 _aHumour
690 _anuit
690 _aRire
786 0 _nPhilosophie magazine | 171 | 8 | 2023-07-01 | p. 74-74 | 1951-1787
856 4 1 _uhttps://shs.cairn.info/magazine-philosophie-magazine-2023-8-page-74?lang=fr&redirect-ssocas=7080
999 _c2070335
_d2070335